000
00292nam a22001217a 4500
008
181121b xxu||||| |||| 00| 0 eng d
041
_a
eng
080
_2
8 th
_a
821
100
_a
23
101
_a
GJU
245
_a
The Norton Anthology English Literature
_c
Abrams ,h,n
942
_2
udc
_c
BK
999
_c
52253
_d
52253